My Singing Monsters: All Seasonals - Statistics

General Stats
  • This quiz has been taken 16 times
  • The average score is 13 of 15
Answer Stats
Picture Answer % Correct
Gobbleygourd
93%
Hoola
93%
Jam Boree
93%
Punkleton
93%
Whiz-bang
93%
Yool
93%
Boo'qwurm
86%
Monculus
86%
Schmoochle
86%
Viveine
86%
Blabbit
79%
Carillong
79%
Ffidyll
79%
Spurrit
79%
Clavavera
71%
No matching quizzes found
Score Distribution
Percent of People with Each Score
Percentile by Number Answered
Your Score History
You have not taken this quiz